000 00646nam a22001817a 4500
005 20251108164355.0
008 250721s2000 xx 000 0 ara d
082 1 4 _a214.5/قيم
100 1 _aإبن قيم الجوزيه، شمس الدين أبو عبد الله
245 1 0 _aتهذيب حادي الأرواح إلى بلاد الأفراح /
264 1 _aعمان :
_bدار الحسن للنشر،
_c2000.
650 1 7 _aأصول الدين الإسلامي
650 1 7 _aالعقيدة الدينية
650 1 7 _aالإسلام
700 1 _aالبوريني، صالح أحمد
_eتحقيق
942 _2ddc
_cBK
999 _c10588
_d10588